000 01001cab a2200289 4500
001 WB2840-47
008 090401t1992 xxu||||| |||| 00| 0 eng d
035 _a(Sirsi) u39094
041 _aeng
245 _aChartered surveyors vote for diversification
260 _c1992
350 _a0
490 _aRICS Press Release
_v(PR139/92) 15 October 1992 (2)
520 _aThe RICS extraordinary general meeting voted to change the rules governing use of the title `chartered surveyor` to describe firms in the profession. In future firms with up to 25% of partners or directors who are non-members can continue to use the title.
650 _aCHARTERED DESIGNATIONS
650 _aEGM
650 _aLAY REPORT
650 _aMARKET PANELS
650 _aMARKET REQUIREMENTS
650 _aMARKETING
650 _aRICS
650 _aSKILLS PANELS
650 _aSURVEYING PROFESSION
690 _aMANAGEMENT-BUSINESS MANAGEMENT-PROFESSIONAL PRACTICE
942 _n0
948 _c04/03/1997
999 _c25073
_d25073